000 00685nam a2200229Ia 4500
001 15588
003 GE_BSU
008 181216s||||||||xx |||||||||||||| ||und||
040 _cGE_BSU
080 _a821.353.1-1
100 _aჩხენკელი, თამაზ
245 _aმზებუდობა
245 _bლექსები
245 _cრედ.ა.სულაკაური. მხატვ.ჯ.ყავლაშვილი
260 _aთბილისი
260 _bნაკადული
260 _c1980
300 _a111გვ. ; 16სმ
653 _aლექსები
653 _aმზებუდობა
942 _cBK
999 _c48688
_d48688